000 00495nam a22001697a 4500
005 20240620102917.0
008 240620b |||||||| |||| 00| 0 eng d
020 _a040685159X
041 _aEnglish
082 _a349 LAW
100 _lEnglish
245 _aThe All England Law Reports: Reprint
260 _aLondon:
_bButterworth and Co. Publishers Ltd,
_c2001
300 _bxx, 1024 pages;
_c25 cm.
650 _aLegal practice
_bLaw
942 _cBK
_6ALISON_BN_VRIES
999 _c2007
_d2007